[Event "Rio de Janeiro op 3rd"]
[Site "Rio de Janeiro"]
[Date "2024.04.26"]
[Round "7"]
[White "Pinto, Miguel Araujo Alves"]
[Black "Leus, Lucas Resende"]
[Result "0-1"]
[WhiteElo "1806"]
[BlackElo "1880"]
[PlyCount "110"]
[EventDate "2024.04.22"]
[EventType "swiss"]
[EventRounds "9"]
[EventCountry "BRA"]
[SourceTitle "CBM 219 Extra"]
[Source "ChessBase"]
[SourceDate "2024.05.31"]
[SourceVersion "1"]
[SourceVersionDate "2024.05.31"]
[SourceQuality "1"]

1. d4 c5 2. d5 Nf6 3. c4 b5 4. cxb5 a6 5. Nc3 axb5 6. Nxb5 Ba6 7. Nc3 g6 8. g3 Bg7 9. Bg2 d6 10. Nf3 0-0 11. 0-0 Nbd7 12. Re1 Ng4 13. Bf4 Qa5 14. Qd2 Rfb8 15. e4 Nge5 16. Nxe5 Nxe5 17. Bxe5 Bxe5 18. Rab1 Rxb2 19. Qxb2 Bxc3 20. Qc1 Bxe1 21. Qxe1 Qxe1+ 22. Rxe1 Bc4 23. e5 Rxa2 24. exd6 exd6 25. Re8+ Kg7 26. h4 Rd2 27. Rd8 Rd1+ 28. Kh2 Bxd5 29. Rxd6 Bf3 30. Ra6 Bxg2 31. Kxg2 c4 32. Rc6 Rc1 33. Kf3 c3 34. Ke2 Rc2+ 35. Ke3 h6 36. g4 Rc1 37. g5 h5 38. Kd3 Rh1 39. Rc4 Rh3+ 40. Ke2 Kf8 41. f3 Rh2+ 42. Kd3 c2 43. Rxc2 Rxh4 44. Rc7 Rf4 45. Ke3 Rf5 46. f4 Ra5 47. Rc8+ Ke7 48. Rc3 Ke6 49. Kf3 Kf5 50. Kg3 Rd5 51. Re3 h4+ 52. Kxh4 Kxf4 53. Rg3 Rd1 54. Rh3 Rg1 55. Rd3 Rh1+ 0-1